মুসলিম সাহিত্য-সমাজ সমাজচিন্তা ও সাহিত্যকর্ম / (Record no. 2424)

MARC details
000 -LEADER
fixed length control field 01171nam a2200253 a 4500
003 - CONTROL NUMBER IDENTIFIER
control field BD-DhJNU
005 - DATE AND TIME OF LATEST TRANSACTION
control field 20251211043836.0
008 - FIXED-LENGTH DATA ELEMENTS--GENERAL INFORMATION
fixed length control field 251108s2019 bg |||g |||| 000 1|ben|d
020 ## - INTERNATIONAL STANDARD BOOK NUMBER
International Standard Book Number 9847012003688
040 ## - CATALOGING SOURCE
Original cataloging agency BD-DhJNU
Language of cataloging ben
Transcribing agency BD-DhJNU
Modifying agency BD-DhJNU
041 ## - LANGUAGE CODE
Language code of text/sound track or separate title ben
082 ## - DEWEY DECIMAL CLASSIFICATION NUMBER
Classification number 891.44309 HAM
Edition number 23
100 ## - MAIN ENTRY--PERSONAL NAME
Personal name হক, খোন্দকার সিরাজুল
245 10 - TITLE STATEMENT
Title মুসলিম সাহিত্য-সমাজ সমাজচিন্তা ও সাহিত্যকর্ম /
Statement of responsibility, etc. খোন্দকার সিরাজুল হক
246 ## - VARYING FORM OF TITLE
Title proper/short title Muslim Sahitto Samaj: Samajchinta o Sahittokormo
250 ## - EDITION STATEMENT
Edition statement 2st ed.
260 ## - PUBLICATION, DISTRIBUTION, ETC.
Place of publication, distribution, etc. ঢাকা :
Name of publisher, distributor, etc. কথা প্রকাশ,
Date of publication, distribution, etc. 2019.
300 ## - PHYSICAL DESCRIPTION
Extent ৫৩৩ পৃ. :
Other physical details চিত্র ;
Dimensions ২১ সেমি.।
504 ## - BIBLIOGRAPHY, ETC. NOTE
Bibliography, etc. note গ্রন্থপঞ্জিগত নির্দেশিকা ও নিঘন্ট অন্তভূক্ত
650 ## - SUBJECT ADDED ENTRY--TOPICAL TERM
Topical term or geographic name entry element বাংলা সাহিত্য-ইতিহাস
650 ## - SUBJECT ADDED ENTRY--TOPICAL TERM
Topical term or geographic name entry element Bengali literary history
650 ## - SUBJECT ADDED ENTRY--TOPICAL TERM
Topical term or geographic name entry element মুসলিম সাহিত্য-সমাজ--Muslim Literary Society
942 ## - ADDED ENTRY ELEMENTS (KOHA)
Koha item type Books
Holdings
Withdrawn status Lost status Source of classification or shelving scheme Damaged status Not for loan Collection Home library Current library Shelving location Date acquired Source of acquisition Total checkouts Full call number Barcode Date last seen Copy number Price effective from Koha item type
    Dewey Decimal Classification     Fiction Jagannath University Central Library Jagannath University Central Library General stacks 12/11/2025 Purchased   891.44309 HAM JNUCL36399 12/11/2025 1 12/11/2025 Books
    Dewey Decimal Classification     Fiction Jagannath University Central Library Jagannath University Central Library General stacks 12/11/2025 Purchased   891.44309 HAM JNUCL36400 12/11/2025 2 12/11/2025 Books
    Dewey Decimal Classification     Fiction Jagannath University Central Library Jagannath University Central Library General stacks 12/11/2025 Purchased   891.44309 HAM JNUCL36401 12/11/2025 3 12/11/2025 Books